| 000 | 00570cam a2200217ua 4500 | ||
|---|---|---|---|
| 001 | 8053 | ||
| 005 | 20260515114304.0 | ||
| 008 | 150105n ii |||gr||||Z||||||hin | ||
| 020 | _a8180310949 | ||
| 040 | _cMAIN | ||
| 041 | _ahin | ||
| 082 | _a891.43 | ||
| 100 |
_aVerma, R., _eAuthor. |
||
| 245 | 1 |
_aHindi sahitya ka aaluchanatmak itihas : _b750-1750 / _cBy Ramkumar Verma . |
|
| 250 | _a1st. | ||
| 260 |
_aIlahabad: _bLokbharati, _c2007. |
||
| 300 | _axiv,688p. | ||
| 653 | _aEast Indo-European & Celtic literatures | ||
| 653 | _aHindi literature | ||
| 942 | _cBK | ||
| 999 |
_c7165 _d7165 |
||